000
00262nam a22001217a 4500
008
180227b xxu||||| |||| 00| 0 eng d
041
_a
eng
080
_a
94
100
_a
16
101
_a
his
245
_a
western civilazation
_c
jackson.j.s
942
_2
udc
_c
BK
999
_c
43553
_d
43553